[Event "Skopje op-B"]
[Site "Skopje"]
[Date "2023.12.07"]
[Round "2"]
[White "Gochev, Gincho"]
[Black "Jashari, Lirim"]
[Result "1-0"]
[WhiteElo "1806"]
[BlackElo "1282"]
[PlyCount "93"]
[EventDate "2023.12.06"]
[EventType "swiss"]
[EventRounds "9"]
[EventCountry "MKD"]
[SourceTitle "CB51_2023"]
[SourceDate "2023.12.20"]
[SourceVersion "1"]
[SourceVersionDate "2023.12.20"]
[SourceQuality "1"]

1. e4 d5 2. exd5 Qxd5 3. Nf3 Bg4 4. Be2 Nc6 5. h3 Bh5 6. Nc3 Qa5 7. Bb5 a6 8. Bxc6+ bxc6 9. g4 Bg6 10. Nd4 Qe5+ 11. Nde2 e6 12. d4 Qa5 13. Bd2 Bb4 14. Nf4 Ne7 15. a3 Bd6 16. Ncd5 Qb5 17. Nxe7 Bxe7 18. b3 Be4 19. c4 Qb6 20. c5 Qb5 21. a4 Qb7 22. 0-0 Rd8 23. f3 Bd5 24. Rb1 0-0 25. Re1 Bh4 26. Re3 Rd7 27. Be1 Bg5 28. Bg3 Rfd8 29. h4 Bf6 30. g5 Be7 31. Nd3 f6 32. f4 e5 33. gxf6 gxf6 34. fxe5 Bf7 35. e6 Rxd4 36. exf7+ Kxf7 37. Qh5+ Kf8 38. Qxh7 Rxd3 39. Rxd3 Rxd3 40. Qxd3 Qc8 41. Qe3 Qf5 42. Rc1 Qd7 43. b4 Kf7 44. Re1 Bf8 45. Qe4 f5 46. Qc4+ Kg6 47. Qe6+ 1-0